| 000 | 00601nam a22002057a 4500 | ||
|---|---|---|---|
| 005 | 20250403172015.0 | ||
| 010 | _aENG-144355 | ||
| 020 |
_a9789390961221 _c595.00 |
||
| 035 | _aEN-127887 | ||
| 037 | _bDBAD | ||
| 082 | _aS | ||
| 100 |
_aMahishaasura _980271 |
||
| 245 |
_aMAHISHAA A Love Story _cAsitabha Das _hEnglish |
||
| 250 | _a1st | ||
| 260 |
_aNew Delhi _bVitasta Publishing Pvt Ltd _c2022 |
||
| 270 |
_a2\15,Ansari Road, Daryaganj _bNew Delhi _e110002 _minfo@vitastapublishing.com |
||
| 300 |
_axvii 193.p _c20cm. (Pb) |
||
| 700 |
_aMAHISHAASURA _980043 |
||
| 942 |
_2ddc _cEN _hS _mMAH _e1 |
||
| 999 |
_c210608 _d210608 |
||